| 000 | 00647nam a2200205Ia 4500 | ||
|---|---|---|---|
| 005 | 20250508163530.0 | ||
| 008 | 008 250505s9999 xx 000 0 eng d | ||
| 020 | _a0-87207-941-4 | ||
| 037 | _aTextual | ||
| 040 |
_aFEDL _beng _cFEDL |
||
| 041 |
_aeng _2eng |
||
| 084 |
_a372.632, HEN _qFEDL |
||
| 100 |
_aHendrson Edmund H _9775561 |
||
| 245 | 0 | _aDevelopmental and cognitive aspects of learning to spell: A reflection of word knowledge | |
| 260 |
_aNewark _bInternational Reading Association _c1980 |
||
| 300 | _avi,148p. | ||
| 700 |
_a Beers James W _9775562 |
||
| 942 |
_cTEXL _h372.632, HEN |
||
| 999 |
_c1383910 _d1383910 |
||